| 000 | nam a22 7a 4500 | ||
|---|---|---|---|
| 999 |
_c48247 _d48247 |
||
| 005 | 20230328091822.0 | ||
| 008 | 200414b xxu||||| |||| 00| 0 eng d | ||
| 040 | _aANE | ||
| 041 | _aEs | ||
| 100 | _aCumpa Bello, Magaly Del Rocio | ||
| 245 |
_aAuditoria interna y su influencia en el control contable en la empresa Rodson Music _cCumpa Bello, Magaly Del Rocio |
||
| 260 |
_aPerĂ¹ _c2018 |
||
| 300 | _a66 p. | ||
| 650 | _aAuditoria Interna | ||
| 650 | _aControl Contable | ||
| 650 | _aContabilidad | ||
| 856 | _uhttp://documentacion.asambleanacional.gob.ec/alfresco/d/d/workspace/SpacesStore/eff1ab3a-a2d6-432c-9da7-2f9a00401275/AUDITORIA%20INTERNA%20Y%20SU%20INFLUENCIA%20EN%20EL%20CONTROL%20CONTABLE.pdf | ||
| 942 |
_2ddc _cBV _zNr. |
||